|
|
|
|
| LEADER |
00000nab a2200000 a 4500 |
| 001 |
vtls000202330 |
| 003 |
SK-MaSNL |
| 005 |
20260305001720.0 |
| 008 |
250422c1984 xo 0 slo |
| 015 |
|
|
|a SNBRB19rr/mm-uuuuu
|
| 035 |
|
|
|a CL0212443
|
| 035 |
|
|
|a urn:nbn:sk:snk-abdmcp
|
| 035 |
|
|
|a (urnnbn)urn:nbn:sk:snk:ar-00188u
|
| 035 |
|
|
|a (uuid)a8bd6dfe-f38b-4c18-b3cf-43f6bf9028b2
|
| 035 |
|
|
|a urn:nbn:sk:snk-ab5en
|
| 040 |
|
|
|a SNKBUCL
|b slo
|c SNKBUCL
|e AACR2
|
| 041 |
0 |
|
|a slo
|
| 044 |
|
|
|a xo
|c SK
|
| 080 |
|
|
|a 711.5(437.642-21)
|2 1981
|
| 100 |
1 |
|
|a Fabian, Jozef,
|d 1948-
|4 aut
|9 260497
|
| 245 |
1 |
0 |
|a Banská Bystrica, mesto s pečaťou histórie
|b Ako vidí socialistickú výstavbu Jozef Biensky, predseda MsNV
|c Jozef Fabian, Ján Kupec
|
| 300 |
|
|
|b Obr.
|
| 650 |
0 |
7 |
|a územné plánovanie
|2 snkbucl
|9 2641
|
| 651 |
|
7 |
|a Banská Bystrica (Slovensko)
|2 SNKPHgeo
|9 22015
|
| 700 |
1 |
|
|a Kupec, Ján
|4 aut
|9 702075
|
| 773 |
0 |
|
|t Projekt
|g Roč. 26, č. 7 (1984), s. 9-12
|
| 850 |
|
|
|a Slovenská národná knižnica
|
| 852 |
|
|
|a Slovenská národná knižnica
|
| 954 |
|
|
|a odborná, vedecká literatúra pôvodná (slovenská)
|2 lita
|
| 958 |
|
|
|a article19
|
| 958 |
|
|
|a OND
|
| 958 |
|
|
|a EUIPO
|
| 999 |
|
|
|c 3220939
|d 3222869
|